000 01301nam a2200385 a 4500
001 data
005 20260322212121.0
008 data
035 _a2548302
906 _a7
_bcbc
_ccopycat
_d3
_encip
_f19
_gy-gencatlg
010 _a 94142921
015 _aGB92-23064
020 _a0006378072 (pbk) :
_c£4.99
020 _a9780006378075
035 _9(DLC) 94142921
035 _a(OCoLC)26543310
040 _aUk
_cUk
_dDLC
042 _alccopycat
050 0 0 _aG151
_b.D35 1992
082 0 4 _a910.4
_220
100 1 _aDale, David,
_d1948-
245 1 4 _aThe obsessive traveller :
_bor why I don't steal towels from great hotels any more /
_cDavid Dale ; illuminations by Matthew Martin.
260 _aLondon :
_bFontana,
_c1992.
300 _a192 p. :
_bill. ;
_c20 cm.
336 _atext
_btxt
_2rdacontent
337 _aunmediated
_bn
_2rdamedia
338 _avolume
_bnc
_2rdacarrier
500 _aIncludes index.
650 0 _aTravel.
653 0 _aTravel
922 _ainvoice no. 247437 dtd 6.6.94
_ainvoice no. 247437 dtd 6.6.94
991 _bc-GenColl
_hG151
_i.D35 1992
_tCopy 1
_wBOOKS
999 _c1854
_d1854